[Event "WchT 11th"]
[Site "Khanty-Mansiysk"]
[Date "2017.06.21"]
[Round "5.1"]
[White "Svidler, Peter"]
[Black "Tari, Aryan"]
[Result "1/2-1/2"]
[WhiteElo "2756"]
[BlackElo "2593"]
[PlyCount "58"]
[EventDate "2017.06.17"]
[EventType "team-tourn"]
[EventRounds "9"]
[EventCountry "RUS"]
[SourceTitle "CBM 179"]
[Source "ChessBase"]
[SourceDate "2017.07.12"]
[SourceVersion "1"]
[SourceVersionDate "2017.07.12"]
[SourceQuality "1"]
[WhiteTeam "Russia"]
[BlackTeam "Norway"]
[WhiteTeamCountry "RUS"]
[BlackTeamCountry "NOR"]

1. c4 e5 2. Nc3 Nf6 3. g3 Bb4 4. Bg2 O-O 5. Nf3 Bxc3 6. bxc3 d6 7. O-O Re8 8.
Ne1 Nbd7 9. Nc2 h6 10. Rb1 Rb8 11. d3 Nc5 12. h3 a6 13. Nb4 Bd7 14. Be3 e4 15.
Bd4 c6 16. Qd2 Bf5 17. Qf4 Bg6 18. Bxf6 Qxf6 19. Qxf6 gxf6 20. d4 Na4 21. Rb3
Nb6 22. Rfb1 e3 23. Nd3 Nxc4 24. Bxc6 Re7 25. fxe3 b5 26. Re1 Na5 27. Bd5 Nxb3
28. axb3 Rxe3 29. Kf2 Rbe8 1/2-1/2

[Event "WchT 11th"]
[Site "Khanty-Mansiysk"]
[Date "2017.06.23"]
[Round "6.1"]
[White "Wojtaszek, Radoslaw"]
[Black "Svidler, Peter"]
[Result "1/2-1/2"]
[WhiteElo "2730"]
[BlackElo "2756"]
[PlyCount "116"]
[EventDate "2017.06.17"]
[EventType "team-tourn"]
[EventRounds "9"]
[EventCountry "RUS"]
[SourceTitle "CBM 179"]
[Source "ChessBase"]
[SourceDate "2017.07.12"]
[SourceVersion "1"]
[SourceVersionDate "2017.07.12"]
[SourceQuality "1"]
[WhiteTeam "Poland"]
[BlackTeam "Russia"]
[WhiteTeamCountry "POL"]
[BlackTeamCountry "RUS"]

1. d4 Nf6 2. c4 g6 3. Nf3 Bg7 4. g3 c5 5. Nc3 O-O 6. Bg2 cxd4 7. Qxd4 Nc6 8.
Qh4 Qa5 9. O-O d6 10. Bh6 Qh5 11. Qxh5 Nxh5 12. Bxg7 Kxg7 13. Rfd1 Nf6 14. Rac1
Rd8 15. Ne1 Bf5 16. Nc2 Rac8 17. Ne3 Bd7 18. b3 h5 19. h3 Rb8 20. f4 Rdc8 21.
Kf2 b6 22. Rd2 Kf8 23. Rh1 Nd8 24. Ncd5 Nxd5 25. cxd5 Rc3 26. g4 hxg4 27. hxg4
Kg7 28. Bf3 Rbc8 29. g5 Nb7 30. Rd4 b5 31. Bg4 Bxg4 32. Nxg4 Rh8 33. Rxh8 Kxh8
34. Re4 Rc7 35. b4 a5 36. Ne3 Kg7 37. a3 Kf8 38. f5 gxf5 39. Nxf5 axb4 40. axb4
Nd8 41. Nd4 Rc4 42. Ke3 Rxb4 43. Ne6+ Nxe6 44. Rxb4 Nxg5 45. Kf4 f6 46. Kf5 Kf7
47. Rxb5 Nh7 48. Rb1 Nf8 49. Rb7 Nh7 50. Ke4 Ng5+ 51. Kd4 Nh3 52. Kc4 Nf4 53.
Rb2 Kg7 54. e3 Ng6 55. Kb5 f5 56. Kc4 f4 57. exf4 Nxf4 58. Kd4 Nh5 1/2-1/2

[Event "Geneva FIDE GP"]
[Site "Geneva"]
[Date "2017.07.12"]
[Round "6"]
[White "Svidler, Peter"]
[Black "Mamedyarov, Shakhriyar"]
[Result "1/2-1/2"]
[WhiteElo "2749"]
[BlackElo "2800"]
[Annotator "Ftacnik,L"]
[PlyCount "81"]
[EventDate "2017.07.06"]
[EventType "swiss"]
[EventRounds "9"]
[EventCountry "SUI"]
[SourceTitle "CBM 180"]
[Source "ChessBase"]
[SourceDate "2017.09.13"]
[SourceVersion "1"]
[SourceVersionDate "2017.09.13"]
[SourceQuality "1"]

1. c4 Nf6 2. Nf3 e6 3. g3 d5 4. Bg2 Be7 5. O-O O-O 6. b3 b6 7. cxd5 Nxd5 8. d4
Bb7 9. Re1 {With the increasing number of top games by strong players in
databases the fight for an advantage in any opening position becomes an uphill
struggle. Svidler is trying the less usual rook move in order to avoid the
well trodden paths of the 9.Bb2 line.} (9. Bb2 Nd7 (9... c5 10. dxc5 Bxc5 11.
Nbd2 Nd7 12. a3 N5f6 (12... Rc8 13. Rc1 Be7 14. e4 Rxc1 15. Qxc1 N5f6 16. e5
Nd5 17. Nc4 Qb8 18. Qd2 Rd8 19. b4 Nf8 20. Nd4 Nc7 21. Qe2 Bxg2 22. Kxg2 Qb7+
23. Qf3 Nd5 $11 {0-1 (67) Gelfand,B (2743)-Aronian,L (2795) Moscow 2016}) 13.
b4 Be7 14. Rc1 Rc8 15. Qa4 Rxc1 16. Rxc1 Qa8 17. Rc7 Bd6 18. Rxd7 Bc6 19. b5
Bxd7 20. Bxf6 gxf6 21. Qg4+ Kh8 22. Qd4 Qd5 $11 {0-1 (43) Aronian,L (2792)
-Kramnik,V (2801) Zuerich 2016}) 10. Re1 (10. Nbd2 N5f6 11. Qc2 Rc8 12. Rac1 c5
13. Qb1 Rc7 14. dxc5 Rxc5 15. Rxc5 Bxc5 16. b4 Be7 17. a3 Qa8 18. Rc1 Rd8 19.
Ne1 Bxg2 20. Nxg2 a5 21. Nf3 axb4 22. axb4 $11 {1/2-1/2 (57) Nakamura,H (2760)
-Aronian,L (2815) Beijing 2012}) 10... N5f6 11. Nc3 c5 (11... Bb4 12. Qc2 Bxc3
13. Qxc3 Be4 14. Red1 Qc8 15. Bf1 Nd5 16. Qe1 Bxf3 17. exf3 Qb7 18. Rac1 c6 19.
f4 a5 $11 {1/2-1/2 (46) Grischuk,A (2774)-Kramnik,V (2777) Berlin 2015}) (11...
Rc8 12. e4 Bb4 13. Qc2 c5 14. Rad1 cxd4 15. Nxd4 Rc5 16. Ndb5 Ba6 17. a3 Bxc3
18. Nxc3 Qc7 19. b4 Rc4 20. Qd2 Rc8 21. e5 Nxe5 22. b5 $18 {1-0 (29) Almasi,Z 
(2688)-Bruzon Batista,L (2681) Varadero 2016}) 12. e4 cxd4 13. Nxd4 Ne5 (13...
Bc5 14. Re2 Qb8 15. Rd2 a6 16. Qe2 Ra7 17. Re1 Ne5 18. Kh1 Qa8 19. f4 Ng6 20.
Nc2 $14 {1/2-1/2 (40) Grischuk,A (2750)-Aronian,L (2781) London 2015}) 14. Qe2
Bc5 15. Ncb5 a6 16. Rad1 axb5 17. Nxe6 Qe7 18. Nxf8 Kxf8 19. Bd4 b4 20. f4
Bxd4+ 21. Rxd4 Qc5 $19 {0-1 (24) Giri,A (2782)-So,W (2770) Paris 2016}) 9... c5
10. e4 Nf6 11. Nc3 Nc6 {Mamedyarov is playing very well in mature years and
has even reached 2800 level. Thus he is not afraid of complications as
compared to the safer line after trading on d4.} (11... cxd4 12. Nxd4 Qc8 13.
Bb2 Rd8 14. Rc1 Nc6 15. Nd5 exd5 16. Nxc6 Bxc6 17. Bxf6 dxe4 18. Qh5 Bxf6 19.
Bxe4 g6 20. Qe2 Rd6 21. Qf3 $11) 12. d5 (12. e5 Nd5 13. Nxd5 exd5 14. h4 h6 $11
) 12... exd5 13. e5 $5 (13. exd5 Nb4 14. Bg5 h6 $11) 13... Ne8 {It is much
easier to analyse the daring line 13...Ne4!? at home with a computer than to
take the risk in a real game.} (13... Ne4 $5 14. Nxd5 Nb4 15. Nxb4 cxb4 16. Ng5
Qxd1 17. Rxd1 Nc3 18. Rd7 Bxg2 19. Kxg2 Rfe8 $11) 14. Nxd5 Nc7 15. Nxe7+ Qxe7
16. Nh4 $1 {Svidler used to be in top 5 in the world and his choice of the
best move shows he still has a very good feel for the position.} (16. Ng5 Rad8
17. Qc2 g6 18. Qb2 Ne6 19. Ne4 Nb4 $11) 16... Qe6 17. Bg5 (17. Bb2 $1 Rab8 18.
Qe2 $14) 17... h6 18. Bf6 $6 {The desire to use the excess of pieces on the
kingside for an attack is very commendable, but it does not work the way the
first player would like.} (18. Bc1 Rad8 19. Qh5 Bc8 20. f4 Nd4 21. Bb2 $11)
18... gxf6 19. Qh5 fxe5 (19... Rfe8 20. Qxh6 fxe5 21. Qg5+ Kf8 22. f4 $14) 20.
Nf5 Qg6 $6 {[%mdl 256] Black is a very strong tactician, but that does not
necessarily make you excellent in defensive tasks. In all honesty it is very
tempting to go into a simplifying continuation that is safe and promises
chances in an endgame with an extra pawn. The computers insist that
objectively the stronger move was 20...Bc8 with prospects for a bigger
advanatge.} (20... Bc8 $1 21. Bxc6 (21. g4 Qf6 22. Qxh6 Qxh6 23. Nxh6+ Kg7 24.
Bxc6 Kxh6 25. Bxa8 Nxa8 $17) 21... Qxf5 22. Qxh6 f6 23. Re4 Qh7 24. Qxh7+ Kxh7
25. Bxa8 Nxa8 $17) 21. Qxg6+ fxg6 22. Bxc6 gxf5 (22... Rxf5 23. Bxb7 Rd8 24.
Re2 Nb5 25. Rae1 $15) 23. Bxb7 Rae8 24. Rad1 {White was a bit lucky to get
away from a dangerous adventure with a bishop sacrifice with only a scare. The
chances for a successful defence are good as Black has an exposed pawn on the
e-file.} Kg7 25. Bc6 Re7 26. h3 {This move might not have been the most
accurate, but only engines can criticise it with any confidence. Black will
not get far with sensible moves.} (26. Re3 $1 h5 27. Kg2 Rf6 $15) 26... Kf6 (
26... e4 $1 27. Bd7 Rff7 28. Bc6 Ne6 $17) 27. Rd6+ Re6 28. Red1 e4 29. a4 Rf7 (
29... h5 30. h4 Rf7 $15) 30. f4 exf3 {A clear sign that Mamedyarov is losing
part of his belief in full succes for this game.} (30... h5 31. h4 Rg7 32. Kg2
$15) 31. Bxf3 Rfe7 32. Kf2 Rxd6 (32... Ne8 33. Rd8 $11) 33. Rxd6+ {The
position is dangerously close to equality as Black finds it hard to make
progress in converting his extra pawn into anything tangible.} Kg7 (33... Ne6
34. h4 f4 35. g4 Rg7 36. Rd5 $11) 34. Be2 Ne6 35. h4 f4 36. g4 (36. gxf4 Nxf4
37. Bc4 Ng6 38. Kg3 $11) 36... Nd4 37. Bc4 Re3 38. Rd7+ Kg6 39. Rd6+ (39. Rxa7
Rf3+ 40. Ke1 Re3+ 41. Kf2 $11) 39... Kg7 40. Rd7+ Kg6 41. Rd6+ 1/2-1/2

[Event "Sinquefield Cup 5th"]
[Site "Saint Louis"]
[Date "2017.08.05"]
[Round "4"]
[White "Svidler, Peter"]
[Black "So, Wesley"]
[Result "1/2-1/2"]
[WhiteElo "2749"]
[BlackElo "2810"]
[PlyCount "58"]
[EventDate "2017.08.02"]
[EventType "tourn"]
[EventRounds "9"]
[EventCountry "USA"]
[EventCategory "22"]
[SourceTitle "CBM 180"]
[Source "ChessBase"]
[SourceDate "2017.09.13"]
[SourceVersion "1"]
[SourceVersionDate "2017.09.13"]
[SourceQuality "1"]

1. e4 e5 2. Nf3 Nc6 3. Bc4 Bc5 4. c3 Nf6 5. d4 exd4 6. e5 d5 7. Bb5 Ne4 8. cxd4
Bb6 9. Nc3 O-O 10. Be3 Bg4 11. h3 Bh5 12. Qc2 Bg6 13. Qb3 Ne7 14. O-O c6 15.
Bd3 Nf5 16. Rae1 Nxd4 17. Bxd4 Bxd4 18. Nxe4 dxe4 19. Bxe4 Bxe4 20. Rxe4 Bb6
21. e6 Qe7 22. exf7+ Qxf7 23. Re6 Kh8 24. Ne5 Bxf2+ 25. Kh1 Qg8 26. Nd7 Rf7 27.
Ne5 Rff8 28. Nd7 Rf7 29. Ne5 Rff8 1/2-1/2

[Event "Sinquefield Cup 5th"]
[Site "Saint Louis"]
[Date "2017.08.08"]
[Round "6"]
[White "Nepomniachtchi, Ian"]
[Black "Svidler, Peter"]
[Result "1/2-1/2"]
[WhiteElo "2742"]
[BlackElo "2749"]
[PlyCount "95"]
[EventDate "2017.08.02"]
[EventType "tourn"]
[EventRounds "9"]
[EventCountry "USA"]
[EventCategory "22"]
[SourceTitle "CBM 180"]
[Source "ChessBase"]
[SourceDate "2017.09.13"]
[SourceVersion "1"]
[SourceVersionDate "2017.09.13"]
[SourceQuality "1"]

1. e4 e5 2. Nf3 Nc6 3. Bb5 a6 4. Ba4 Nf6 5. O-O Be7 6. Re1 b5 7. Bb3 O-O 8. d4
d6 9. c3 Bg4 10. Be3 Bh5 11. Nbd2 Na5 12. Bc2 Ng4 13. Qe2 Nxe3 14. Qxe3 Bxf3
15. Nxf3 Nc4 16. Qc1 Bf6 17. a4 b4 18. cxb4 exd4 19. Bd3 Ne5 20. Nxe5 dxe5 21.
Qc5 Re8 22. Rec1 Be7 23. Qxc7 Bxb4 24. Qxd8 Rexd8 25. a5 Rdc8 26. Rxc8+ Rxc8
27. Kf1 Rc5 28. Ra4 Bxa5 29. b4 Rc1+ 30. Ke2 Bd8 31. Rxa6 Kf8 32. b5 Rc3 33.
Ra7 g5 34. g4 Bb6 35. Ra6 Bc5 36. Rh6 Kg7 37. Rc6 Bb4 38. Rxc3 Bxc3 39. b6 Ba5
40. b7 Bc7 41. Bc2 Kf8 42. Kd3 Ke7 43. Kc4 f6 44. Kd5 h6 45. Bd3 Bb8 46. Kc6
Bd6 47. h3 Bb8 48. f3 1/2-1/2

[Event "Sinquefield Cup 5th"]
[Site "Saint Louis"]
[Date "2017.08.10"]
[Round "8"]
[White "Aronian, Levon"]
[Black "Svidler, Peter"]
[Result "1/2-1/2"]
[WhiteElo "2809"]
[BlackElo "2749"]
[PlyCount "37"]
[EventDate "2017.08.02"]
[EventType "tourn"]
[EventRounds "9"]
[EventCountry "USA"]
[EventCategory "22"]
[SourceTitle "CBM 180"]
[Source "ChessBase"]
[SourceDate "2017.09.13"]
[SourceVersion "1"]
[SourceVersionDate "2017.09.13"]
[SourceQuality "1"]

1. Nf3 Nf6 2. c4 c5 3. Nc3 d5 4. cxd5 Nxd5 5. e3 Nxc3 6. bxc3 g6 7. h4 Bg7 8.
h5 Nc6 9. Be2 Bf5 10. Qb3 b6 11. Ng5 e6 12. f4 h6 13. Qa4 Rc8 14. Ne4 g5 15.
Bb5 Qd5 16. Nf2 Qd6 17. Ne4 Qd5 18. Nf2 Qd6 19. Ne4 1/2-1/2

[Event "EU-Cup 33rd"]
[Site "Antalya"]
[Date "2017.10.09"]
[Round "2.1"]
[White "Svidler, Peter"]
[Black "Stevic, Hrvoje"]
[Result "1-0"]
[WhiteElo "2760"]
[BlackElo "2616"]
[Annotator "Mikhalchishin,A"]
[PlyCount "55"]
[EventDate "2017.10.08"]
[EventType "team-swiss"]
[EventRounds "7"]
[EventCountry "TUR"]
[SourceTitle "CBM 181"]
[Source "ChessBase"]
[SourceDate "2017.11.10"]
[SourceVersion "1"]
[SourceVersionDate "2017.11.10"]
[SourceQuality "1"]
[WhiteTeam "Mednyi Vsadnik"]
[BlackTeam "Nice Alekhine"]
[WhiteTeamCountry "RUS"]
[BlackTeamCountry "FRA"]

1. e4 e5 2. Nf3 Nc6 3. Bb5 a6 4. Ba4 d6 5. O-O Bd7 6. d4 exd4 7. Nxd4 b5 8.
Nxc6 Bxc6 9. Bb3 Nf6 10. c4 $1 {An active approach, much better than the slow}
(10. f3 Be7 11. c4 b4 12. Ba4 Qd7 13. Bxc6 Qxc6 14. b3 Nd7 15. Bb2 Bf6 {
with equality (Huebner).}) 10... Be7 11. Nc3 O-O 12. Re1 Nd7 ({Probably a
better way here is} 12... Re8 13. Qf3 b4 14. Nd5 a5 15. Bf4 (15. a4 Nd7 16. Be3
Bf6 17. Nxf6+ Nxf6 $132 {[%csl Gf3] Shirov,A (2739)-Mamedyarov,S (2752)/Moscow
Tal Mem 2007}) 15... Nd7 16. Rad1 Bf6 17. Bc1 Rb8 18. Qh3 Nc5 {Sutovsky,E 
(2657)-Short,N (2683) London 2013, with equality.}) 13. Be3 {An improvement on
an older Svidler game:} (13. Nd5 Re8 14. Be3 Bb7 15. Rc1 c6 16. Nxe7+ Qxe7 17.
f3 c5 18. Qd2 Ne5 19. Red1 Rad8 20. cxb5 h6 (20... axb5 21. Bg5 $1) 21. bxa6
Bxa6 22. Rc3 {Svidler,P (2723)-Milov,V (2669) Gibraltar 2009; with a big
advantage.}) 13... Bf6 14. Qc2 Bxc3 {There were two other options in this
important position:} (14... b4 15. Nd5 a5 16. a4 Re8 17. Rad1 Bxd5 18. cxd5 Ne5
19. h3 Ng6 20. Bc4 {Zawadzka,J (2434)-Kazimova,N (2259) Chakvi 2015, with
better play for White.}) (14... Ne5 15. cxb5 axb5 16. Nd5 Bxd5 17. Bxd5 c6 18.
Bb3 Ng4 19. Qxc6 Bxb2 20. Rad1 Be5 21. g3 {Amonatov,F (2619)-Aradhya,G (2230)
New Delhi IND 2017, and Black has too many weaknesses.}) 15. Qxc3 Bxe4 16. Rac1
Bg6 ({It was necessary too try to create central counterplay:} 16... c5 17. Bf4
d5 18. cxd5 Re8) 17. cxb5 axb5 18. Bd5 $1 ({Svidler was afraid to miss the
advantage in the endgame:} 18. Qxc7 Ne5 19. Qxd8 Rfxd8 20. Red1 Nd3 21. Rc6
Nxb2 22. Rdxd6) 18... Ne5 ({Stevic decided to sacrifice an exchange, but still
it was preferable to accept Svidler's exchange sacrifice:} 18... Rc8 19. Bc6 b4
20. Qxb4 Ne5 21. Qc3 Nd3 22. a4 Nxe1 23. Rxe1 {and the a-pawn will create a
lot of trouble for Black.}) 19. Bxa8 Qxa8 20. Red1 Qxa2 21. Bd4 b4 ({Passive
defence was useless:} 21... f6 22. Qxc7 Nd3 23. Ra1 Qd5 24. Ra7 Rf7 25. Qc8+
Rf8 26. Qg4 Nxb2 $2 27. Rxg7+ Kxg7 28. Bxf6+) 22. Qg3 c5 23. Bxe5 dxe5 24. Qxe5
f6 25. Qe2 Re8 26. Qd2 h6 27. Rxc5 b3 $2 28. Ra5 1-0

[Event "EU-Cup 33rd"]
[Site "Antalya"]
[Date "2017.10.10"]
[Round "3.1"]
[White "Inarkiev, Ernesto"]
[Black "Svidler, Peter"]
[Result "1/2-1/2"]
[WhiteElo "2693"]
[BlackElo "2760"]
[Annotator "Sadorra,J"]
[PlyCount "119"]
[EventDate "2017.10.08"]
[EventType "team-swiss"]
[EventRounds "7"]
[EventCountry "TUR"]
[SourceTitle "CBM 181"]
[Source "ChessBase"]
[SourceDate "2017.11.10"]
[SourceVersion "1"]
[SourceVersionDate "2017.11.10"]
[SourceQuality "1"]
[WhiteTeam "Legacy Square Capital"]
[BlackTeam "Mednyi Vsadnik"]
[WhiteTeamCountry "RUS"]
[BlackTeamCountry "RUS"]

{This match occurred in the 3rd round of the European Club Cup, between the
first board players of the two formidable Russian clubs.} 1. e4 e5 2. Nf3 Nc6
3. Bb5 a6 4. Ba4 Nf6 5. O-O Be7 6. Re1 b5 7. Bb3 d6 8. c3 O-O 9. h3 Re8 10. Ng5
Rf8 11. Nf3 Re8 12. d4 Bb7 {The Zaitsev Variation of the Ruy Lopez is one of
the more dynamic variations in this classical opening and has been part of
Svidler's repertoire for a very long time.} 13. Nbd2 Bf8 14. a4 {This is known
plan or system is known as Kasparov's Variation, which was prepared and much
developed during his matches against Karpov.} Qd7 $5 {a rare and very old move
that Zaitsev himself played first back in 1975!} ({The Kasparov-Karpov matches
essayed games after:} 14... h6 15. Bc2 exd4 16. cxd4 Nb4 17. Bb1 c5 ({Also} 
17... bxa4 18. Rxa4 a5 19. Ra3 Ra6) 18. d5 Nd7 19. Ra3 c4) 15. d5 ({The
aforementioned game by Zaitsev continued} 15. Ng5 Nd8 (15... Re7 $142 $1) 16.
d5 Qe7 17. Nf1 h6 18. Nf3 c6 19. Ne3 $14 {1/2-1/2 (31) Pinter,J (2410)-Zaitsev,
I (2450) Szolnok 1975} (19. Ng3 $5 g6 20. Be3 Bg7 21. Qd2 Kh7 22. h4 $40))
15... Ne7 (15... Na5 $2 16. Ba2 c6 17. b4 Nc4 18. Nxc4 bxc4 19. Bg5 $1 cxd5 (
19... Be7 20. Bxf6 Bxf6 21. Bxc4 Rec8 22. Qd3 $16) 20. Bxf6 gxf6 21. exd5 $16 {
[%csl Rc4,Rf5,Rf6,Rg8,Rh7][%cal Ge1e4,Ge4h4,Ga2b1,Gb1h7,Gf3h4]}) 16. Nf1 h6 17.
N3h2 $1 {This seems to be the most testing continuation against this rare line.
} (17. Ng3 c6 $11 18. dxc6 Bxc6 (18... Nxc6 $5 19. Nh2 Na5 20. Bc2 {1/2-1/2 
(18) Geller,E (2520)-Smejkal,J (2565) Baden-Baden 1985} b4 $5 21. cxb4 Nc6 22.
Bd2 d5 $44) 19. axb5 axb5 20. Rxa8 Rxa8 21. Nh4 Ra1 22. Qe2 Qb7 {1/2-1/2 (62)
Hou,Y (2578)-Karpov,A (2651) Cap d'Agde 2008; and Black even starts to take
over the game.}) 17... c6 18. dxc6 (18. Ng4 $142 Nxg4 19. hxg4 cxd5 20. exd5 g6
(20... Ng6 21. Ne3 e4 22. Bc2 Re5 23. axb5 axb5 24. Rxa8 Bxa8 25. b3 $1 $16 {
[%cal Gc3c4,Gc1b2] 1-0 (38) Paikidze,N (2401)-Shadrina,T (2384) Moscow 2010})
21. Ng3 Bg7 22. Ne4 f5 23. gxf5 gxf5 24. Ng3 Rf8 25. f4 (25. Nh5 $5 Kh7 26.
axb5 axb5 27. Rxa8 Rxa8 28. Qd2 Ng8 29. Qd3 $40 {[%csl Rf5,Rh6,Rh7][%cal Gb3c2,
Gd3h3,Ge1e3,Ge3g3]}) 25... Ng6 26. Nh5 Kh7 $14 {1/2-1/2 (31) Xu,Y (2454)-Xu,M 
(2283) Xinghua CHN 2017}) 18... Bxc6 (18... Qxc6 19. Ng3 Rad8 20. Ng4 Nxg4 21.
Qxg4 d5 22. axb5 axb5 23. Qf3 $1 {gives White annoying pressure on the
kingside.}) 19. Ng4 Nxg4 20. hxg4 d5 $1 $146 {Svidler's improvement over the
previous games, which seems like the only way for Black to fight for equality
in this old line.} (20... bxa4 21. Bxa4 (21. Rxa4 $5 {½-½ (56) Maslak,K 
(2545)-Tikkanen,H (2434) Pardubice 2009, is also possible but I don't think
it's necessary to obtain an edge.}) 21... d5 (21... Bxa4 22. Rxa4 d5 23. exd5
Nxd5 24. Ra5 Nf6 25. Qxd7 Nxd7 26. Be3 Reb8 27. b4 $14) 22. exd5 Nxd5 23. Ne3
$36) (20... Qb7 {and here instead of messing with the queenside, White can
immediately start pressuring Black on the kingside with} 21. Qf3 (21. axb5 axb5
22. Rxa8 Rxa8 {1-0 (42) Prandstetter,E (2262)-Mojzis,J (2159) Czechia 2014})
21... Ng6 22. g3 $1 $40 {[%csl Rf7,Rg8,Rh6][%cal Gg4g5,Gf1e3,Ge3f5,Ge3d5] with
ideas of taking control of f5/d5 and opening up lines with g4-g5!}) 21. axb5
axb5 22. Rxa8 Rxa8 23. exd5 ({In retrospect, it may be better to keep the
tension a bit longer with} 23. Qf3 $5 Qe6 24. Qg3 $1 $14) 23... Nxd5 24. Rxe5
Nb6 ({It was more accurate to play} 24... Nf6 25. Qxd7 Bxd7 26. f3 (26. g5 hxg5
27. Bxg5 Ra1 $44 28. Bxf6 gxf6 29. Rd5 Bg4 $1 30. f3 Be6 31. Rd1 Bc5+ 32. Kh2
Rxd1 33. Bxd1 b4 {with great drawing chances for Black.}) 26... Ra1 27. Re1
Bc5+ 28. Kh2 Bd6+ 29. Kh1 (29. g3 Bc6 30. Nd2 h5 $1 $44) 29... Bf4 30. Bd2 Rxe1
31. Bxe1 Bc1 $11) 25. Qxd7 ({White can once again keep the tension here with} 
25. Re1 b4 $5 (25... Nc4 26. Ne3) 26. cxb4 (26. Qxd7 Nxd7 27. cxb4 Bxb4 28. Rd1
Rb8 $14 {but Black has good drawing chances.}) 26... Bxb4 27. Bd2 Bxd2 28. Nxd2
Ba4 29. Bxa4 Rxa4 {and due to White's weak pawns, including the extra one,
it's still difficult for White to realise his advantage.}) 25... Bxd7 26. f3
Nc4 $1 27. Bxc4 {Inarkiev must have not liked the counter-ideas Black will
have with having a strong knight on c4. As some of the lines show, it will be
difficult to fight against Black's initiative in practical play.} (27. Re1 Be6
$44 28. Ne3 (28. Nd2 Bc5+ 29. Kh1 Nxd2 30. Bxe6 Bf2 31. Bd5 $8 (31. Rd1 fxe6
32. Bxd2 (32. Rxd2 Be3 33. Rd1 Ra1 $19) 32... Rd8 $19) 31... Ra1 32. Rd1 Be3
33. Re1 Nxf3 34. gxf3 Rxc1 35. Rxc1 Bxc1 $11) 28... Nxb2 $1 29. Bxe6 Nd3 30.
Rd1 Nxc1 $11) 27... bxc4 28. Be3 Rb8 29. Rd5 {With this forcing sequence,
White is able to find some harmony among his pieces.} Be6 30. Rd2 f5 $1 {
But after a further trade of pawns, and White's extra pawn being weak, Black
doesn't have any problems achieving a draw.} 31. g5 {preventing the activation
of light-squares bishop.} hxg5 32. Bxg5 Kf7 33. Kf2 Bc5+ 34. Be3 Be7 35. f4 Rd8
36. Bd4 g5 $1 {After this the game is almost a dead draw, in principle, but
there's still some life left in the position.} 37. fxg5 Bxg5 38. Re2 (38. Be3
Be7 $11) 38... Rb8 39. Nh2 $5 {White gives back the pawn to gain time to get
the knight in play, which I think is the best way to get practical chances to
win.} Bc1 40. Be3 (40. Nf3 Rxb2) 40... Bxb2 41. Nf3 {[%cal Gf3g5,Gf3e5] Now
Black has to be careful.} Bd5 42. Ne5+ Kg7 $8 (42... Kg8 $4 43. Nd7 $18 {
[%cal Gd7f6,Gd7b8] Tricky knight!}) (42... Ke6 43. Bf4 $18) 43. Bd4 Kh6 $1 (
43... Kg8 44. Nd7) (43... Kh7 44. Nd7) 44. Be3+ Kg7 45. Bd4 Kh6 46. Nd7 $1 {
Inarkiev is showing great fighting spirit!} Rb3 {This may have allowed White
to give Black a problem to solve but Svidler most probably had foreseen
White's next move as he spent almost ten minutes before playing this.} ({
Another way to draw was} 46... Rb5 47. Re5 Bc1 48. Be3+ (48. Rxf5 Rb2+ $11)
48... Bxe3+ 49. Kxe3 Kg5 50. Kd4 Bc6 51. Rxb5 Bxb5 52. Nb6 Bc6 $11) 47. Nc5 Ba3
$1 {This resource which allows Black to hold the balance.} (47... Rb8 $2 48.
Re5) (47... Rb5 $2 48. Re5 {both see White winning an important pawn.}) 48.
Nxb3 cxb3 49. c4 Bxc4 50. Re8 Bd3 51. Rb8 Bc2 52. Be5 Bc1 53. g3 Kg5 54. Rb4
Kh5 55. Ke2 Kg6 56. Rb6+ Kf7 57. Kf3 Bd1+ 58. Kf2 Bc2 59. Ke2 Ke7 60. Kf2 {
Since White cannot break Black's fortress, a draw was agreed.} 1/2-1/2